LEADER 01116nam0 2200301 450 001 000014803 005 20190222125600.0 010 $a88-324-4604-9 100 $a20080725d2002----km-y0itay50------ba 101 0 $aita 102 $aIT 105 $ay-------001yy 200 1 $aTrasformazione, fusione, conferimento, scissione e liquidazione delle società$easpetti civilistici, contabili e fiscali delle operazioni straordinarie$fMarco Confalonieri$aformulario su floppy 205 $a17. ed. 210 $aMilano$cIl sole 24 ore$d2002 215 $aXXIII, 830 p.$d25 cm 225 2 $aSocietà 300 $aIn cop.: Software Windows 410 0$12001$aSocietà 610 1 $aSocietà $aGuide pratiche 676 $a346.45066$v21$9Diritto delle società. Italia 700 1$aConfalonieri,$bMarco$0105831 801 0$aIT$bUNIPARTHENOPE$c20080725$gRICA$2UNIMARC 912 $a000014803 951 $aDEP I-0283$b40735$cNAVA4$d2008 996 $aFormulario su floppy$91202266 996 $aTrasformazione, fusione, conferimento, scissione e liquidazione delle società$941971 997 $aUNIPARTHENOPE LEADER 01408nam2 22003131i 450 001 UON00255877 005 20231205103651.679 010 $a09-00-68988-9 100 $a20040715d1994 |0itac50 ba 101 $aeng$aHEB 102 $aGB 105 $a|||| 1|||| 200 1 $aSanhedrin$fTranslated into English with notes, glossary and indices chapters I-IV by Jacob Shachter , chapters VII-XI by H. Freeman 210 $aLondon$cThe Soncino Press$d1994 215 $a1 v.$d31 cm 311 $aSEB VI BA 016 (19) N$9UON00161820 461 0$1001UON00161820$12001 $aHebrew-English edition of the Babylonian Talmud$fIsidore Epstein$bed.]$1210 $aLondon$cThe Soncino Press$d1984-1994$1215 $a30 v.$d31 cm$v19 SEB VI BA 016 (19) N 606 $aLETTERATURA RABBINICA$xTALMUD BABILONESE$3UONC054670$2FI 620 $aGB$dLondon$3UONL003044 686 $aSEB VI BA$cSTUDI EBRAICI - LETTERATURA - TALMUD E LETTERATURA RABBINICA - TESTI$2A 702 1$aFREEDMAN$bH.$3UONV025035 702 1$aSHACHTER$bJacob$3UONV150019 712 $aSoncino$3UONV252279$4650 801 $aIT$bSOL$c20240220$gRICA 899 $aSIBA - SISTEMA BIBLIOTECARIO DI ATENEO$2UONSI 912 $aUON00255877 950 $aSIBA - SISTEMA BIBLIOTECARIO DI ATENEO$dSI SEB VI BA 016 (19) N $eSI SA 110920 7 016 (19) N 996 $aSanhedrin$9564399 997 $aUNIOR